| 000 | 00639nam a2200205 a 4500 | ||
|---|---|---|---|
| 001 | 000008535 | ||
| 005 | 20200929161347.0 | ||
| 008 | 090917s1986 dr 001 0 spa d | ||
| 040 | _aDO-SdBNP | ||
| 082 |
_a523.642 _bR173m |
||
| 100 | 1 |
_aRamírez Corria, Filiberto, _d1904- _922886 |
|
| 245 | 1 | 3 |
_aEl milagro del cometa / _cFiliberto Ramírez Corria. |
| 260 |
_aSanto Domingo : _bTaller, _c1986. |
||
| 300 |
_a224 p. ; _c19 cm. |
||
| 500 | _aIncluye datos biográficos del autor en la contracubierta | ||
| 650 | 4 |
_aCometa halley, _922887 |
|
| 650 | 4 |
_aFin del mundo _922888 |
|
| 651 | 4 |
_aCuba _xHistoria _y1903-1933 _922889 |
|
| 049 | _aBNPD | ||
| 999 |
_c8305 _d8305 |
||